00623nam a22001937a 450000500170000001000150001702000260003203500140005803700090007208200080008110000250008924500930011425000060020726000490021327000910026230000280035350000290038170000190041020250128144218.0 aENG-143655 a9789355016218c225.00 aEN-127187 bDBAD a547 aPradeep Pratap Singh a Basic Concepts of Organic Chemistry Semester - I/cBy Pradeep Pratap Singh [and] Ambika a1 aNew Delhic2023bS Chand And Company Limited bNew DelhiaA-27, 2nd Floor, Mohan Co-operative Industrial Estatee110044k011-49731800 a209p.c23cm (pb)bIndex aNEP University of Delhi) aAmbikaeAuthor